000 01442nam a2200349 c 4500
999 _c36976
_d36976
003 BLK
005 20250215154250.0
008 180408b bul|||||r ||||||| ||bul||
010 _aKNG00040098000
040 _aBLK
041 _aBUL
_cBUL
080 _aДруги духови инструменти - алпийски рог, кавал и др.
_b788.9
_z788.9
080 _aБиографии
_b929
_x(497.2)
_z929(497.2)
100 1 _aДрагански, Слав
_eпърви автор
_9275258
139 _aДрагански, Слав
_bД 85
245 1 0 _aКавалът свири, говори
_bМайстори - изпълнители и разпространители на кавалджийското изкуство
_cСлав Драгански.
257 _aBGR
260 _bХристо Г. Данов
_c1985
_aПловдив
300 _a199 с.
_c20 см
380 _a7
650 7 _aДухови инструменти, народни, български
_2
_9153890
650 4 _aМузикални инструменти
_9275050
653 _aдухови музикални инструменти
653 _aкавал
852 _aЦб 133605
856 4 _qpdf
856 4 _qpdf
942 _cKNG
_n0
_s1
944 _aCR
_c13.12.2011
_lГеновева Генчева
_k30560
944 _aED
_c21.05.2015
_l13.12.2011 - от С1,Р / 13.12.2011
999 _d36976